1991 1314 1287 1882 1212 1826 1300 1802 1149 1358 1497 1198 1555 1835 1247 1095 1798 1234 1185 1176 1968 1636 1224 1157 1679 1338 1048 1405 1309 1927 1636 1794 1431 1519 1144 1013 1698 1379 1087 1296 1052 1942 1170 1705 1586 1036 1653 1655 1858 1699 1869 1113 1363 1488 1028 1216 1418 1182 1505 1068 1518 1311 1935 1254 1139 1795 1666 1575 1401 1480 1848 1511 1855 1856 1581 1450 1028 1270 1727 1757 1477 1876 1460 1172 1515 1290 1349 1629 1494 1564 1408 1174 1776 1400 1969 1369 1708 1589 1696 BCNSPRNW ULIB Ver.6.0+V

เปลี่ยนเป็นภาษาไทย

Change to English
 แสดงรายละเอียดบรรณานุกรม
  กลับหน้าหลัก

Brief Record : Get Marc (ISO 2709) : E-mail record : QR code < ปิดหน้าต่าง
LEADER : 00000nam 2200000uu 4500
001    13399122726
003     ULIB
008    020711s2555 th a 000 0 tha d
020    9786162132247
050  4 DS520^bก271ก
100    กฤชกร เพชรนอก
245    กุมุสตา...ฟิลิปปินส์/^cกฤชกร เพชรนอก
250    พิมพ์ครั้งที่ 1
260    กรุงเทพฯ :^bสกายบุ๊กส์,^c2555
300    72 หน้า
440  0 ชุด ประชาคมอาเซียนฉบับการ์ตูน
650  7 อาเซียน^xเสริมความรู้
650  7 ฟิลิปปินส์
945    ^p119^l0^i20168
999    ^aทศพร เกษรทอง
รายการนี้ยังไม่มีแท็ก
คุณยังไม่ได้ล็อกอิน คุณสามารถมีกิจกรรมร่วมกับเว็บไซต์ได้ แต่ต้องล็อกอินก่อน ::
  ล็อกอิน

รายการสื่อสารสนเทศ

ลำดับที่ ประเภท เลขเรียก/บาร์โค้ด สถานที่ สถานะ
1. การศึกษาทั่วไป
การศึกษาทั่วไป
DS520 ก271ก ฉ.1 
  Barcode: 20168
ห้องสมุดวิทยาเขตนครสวรรค์
►หนังสือทั่วไป:l:General Books
บนชั้น

รายการใกล้เคียง
    ผู้แต่ง [กฤชกร เพชรนอก]

    หัวเรื่อง [ฟิลิปปินส์]

BibComment


ยังไม่เคยถูกคอมเมนท์

คอมเมนท์ทรัพยากรรายการนี้
  คอมเมนท์: กุมุสตาฟิลิปปินส์..


 Copyright 2026. Bcnsprnw @Library